| 000 | 00000nam 2200000zi 4500 |
| 001 | 9.922218 |
| 003 | CaOODSP |
| 005 | 20241003123616 |
| 006 | m o d f |
| 007 | cr bn||||||||| |
| 008 | 230503t19861986qucab ob f000 0 eng d |
| 020 | |a0662146603 |q(print) |
| 040 | |aCaOODSP|beng|erda|cCaOODSP |
| 041 | 0 |aeng|beng|bfre |
| 043 | |an-cn-qu |
| 045 | |ax8x8 |
| 086 | 1 |aEn42-1/5-2E-PDF |
| 086 | 1 |aEn49-5/5-RQ-2E |
| 100 | 1 |aSébastien, P., |eauthor. |
| 245 | 10|aAmbient air asbestos survey in Québec mining towns. |nPart 2, |pMain study / |cP. Sébastien, M. Plourde, R. Robb et M. Ross, B. Nadon et T. Wypruk. |
| 264 | 1|a[Montréal] : |bEnvironment Canada, Environmental Protection Service = Environnement Canada, Service de la protection de l'environnement, |c1986. |
| 264 | 4|c©1986 |
| 300 | |a1 online resource (xi, 51 pages) : |billustrations, maps. |
| 336 | |atext|btxt|2rdacontent |
| 337 | |acomputer|bc|2rdamedia |
| 338 | |aonline resource|bcr|2rdacarrier |
| 490 | 1 |a[Environmental Protection Service report series] |
| 500 | |aIssued also in French under title: Étude de l'amiante dans l'air ambiant des villes minières du Québec. 2e partie, Étude principale. |
| 500 | |a"Report EPS 5/AP/RQ-2E, 1986." |
| 500 | |aDigitized edition from print [produced by Environment and Climate Change Canada]. |
| 504 | |aIncludes bibliographical references (pages 47-50). |
| 546 | |aIncludes abstracts in English and French. |
| 650 | 0|aAsbestos dust|zQuébec (Province)|xMeasurement. |
| 650 | 0|aAir|xPollution|zQuébec (Province)|xMeasurement. |
| 650 | 0|aAsbestos mines and mining|xEnvironmental aspects|zQuebec (Province) |
| 710 | 1 |aCanada. |bEnvironmental Protection Service. |bQuebec Region, |eissuing body. |
| 775 | 08|tÉtude de l'amiante dans l'air ambiant des villes minières du Québec. |w(CaOODSP)9.943761 |
| 830 | #0|aEnvironmental Protection Service report series.|w(CaOODSP)9.866031 |
| 856 | 40|qPDF|s2.75 MB|uhttps://publications.gc.ca/collections/collection_2023/eccc/en42/En42-1-5-2-eng.pdf |